000 01024nam0a22002771 4500
001 RU\NLR\INFOCOMM\LIB\27180
005 20250617205405.0
010 _bsid.
_92600 экз.
035 _a(NLR Aleph) 004297789
090 _a2563865
_c2563865
100 _a20011217d1974 |||y0rusy50 ca
101 1 _afin
_crus
102 _aRU
105 _ay ||||000ay
200 1 _aTieteellistekninen kumous
_esosiaaliset näkökohdat ja suuntaviivat
_fsuom.: R. Širokov ja R.-L. Pöllä
_eKokoelma
_eNeuvostoliiton tiedeakat. toim
_eYhteiskuntatieteet ja nykyaika
210 _aМ.
_cEdistys
_d1974
215 _a292с.
_d21см
300 _aНа обороте тит. л.: Научно-техническая революция: социальные аспекты и перспективы.
702 1 _aŠirokov
_bRoy
_4730
702 1 _aPöllä
_bR.-L.
_gRaija-Liisa
_4730
801 1 _aRU
_bInfoComm
_c20011217
801 0 _aRU
_bNLR
_gPSBO
_c19740429
852 _aNLR
_bН
_jФин/3-5129
942 _cBOOK
980 _aNB